Guia das eleições / (Record no. 259)

MARC details
000 -LÍDER
Campo Fixo de Controle 00699cam a2200241 a 4500
001 - NÚMERO DE CONTROLE
Campo de Controle 259
003 - IDENTIFICAÇÃO DO NÚMERO DE CONTROLE
Campo de Controle BR-CuiBMT
005 - DATA E HORA DA ÚLTIMA ATUALIZAÇÃO
Campo de Controle 20231130124306.0
008 - DADOS FIXOS
Dados Fixos 230914s2012 mgba d 000 0 por d
020 ## - INTERNATIONAL STANDARD BOOK NUMBER
Nº do ISBN 9788577005864
040 ## - AGÊNCIA CATALOGADORA
Código da Agência Catalogadora BR-CuiBMT
Agência que transcreveu o registro BR-CuiBMT
080 ## - Nº DA CLASSIFICAÇÃO DECIMAL UNIVERSAL
Nº edição CDU 2007
Nº Class. CDU 342.8
Subd. Auxiliar Comum (81)
-- (038)
090 ## - NÚMERO DE CHAMADA
Nº classificação 342.8(81)(038)
Cutter T231g
100 1# - ENTRADA PRINCIPAL -- AUTOR PESSOAL
Nome pessoal Tavares, André Ramos
245 10 - TÍTULO PRINCIPAL
Título principal Guia das eleições /
Indicação de responsabilidade André Ramos Tavares.
260 ## - PUBLICAÇÃO, DISTRIBUIÇÃO, ETC.
Local de publicação Belo Horizonte :
Editora Fórum,
Data 2012.
300 ## - DESCRIÇÃO FÍSICA
N. páginas ou volumes 103 p. :
Ilustrações il. ;
Dimensões 18 cm
504 ## - NOTA DE BIBLIOGRAFIA, ETC.
Nota de bibliografia Inclui bibliografia.
650 ## - ASSUNTO TÓPICO
Cabeçalho tópico ou nome geográfico Direito eleitoral
Subdivisão geográfica Brasil
650 ## - ASSUNTO TÓPICO
Cabeçalho tópico ou nome geográfico Processo eleitoral
Subdivisão geográfica Brasil
650 ## - ASSUNTO TÓPICO
Cabeçalho tópico ou nome geográfico Eleições
Subdivisão geral Dicionários
Subdivisão geográfica Brasil
942 ## - ELEMENTOS DE ENTRADA ADICIONAIS (KOHA)
Fonte de classificação ou esquema de arquivamento Classificação Decimal Universal
Tipo de item do Koha Livros
Holdings
Estado: removido Estado: perdido Fonte de classificação ou esquema de arquivamento Estado: danificado Indisponível para empréstimo Localização permanente Localização atual Data de aquisição Fonte de aquisição Total Checkouts Total Renewals Número de Chamada completo Código de barras Date last seen Date last checked out Número do exemplar Preço efetivo a partir de Tipo de item (Koha)
    Classificação Decimal Universal     Biblioteca da Escola Superior de Contas do TCE/MT Biblioteca da Escola Superior de Contas do TCE/MT 28/07/2023 Compra 1 2 342.8(81)(038) T231g BIBTCEMT23070004 26/09/2023 11/07/2023 Ex. 1 28/07/2023 Livros

Powered by Koha